LIBRARY & INFORMATION CENTRE, KCAET, TAVANUR

ONLINE PUBLIC ACCESS CATALOGUE (OPAC)

Physiology of the nervous system / (Record no. 2654)

MARC details
000 -LEADER
fixed length control field 00453cam a2200181ua 4500
041 ## - LANGUAGE CODE
Language code of text/sound track or separate title eng
082 ## - DEWEY DECIMAL CLASSIFICATION NUMBER
Classification number 612.8
Item number GEO/PH
100 ## - MAIN ENTRY--AUTHOR NAME
Personal name Geoffrey, Walsh.E .
245 ## - TITLE STATEMENT
Title Physiology of the nervous system /
250 ## - EDITION STATEMENT
Edition statement 1 /
260 ## - PUBLICATION, DISTRIBUTION, ETC. (IMPRINT)
Place of publication London :
Name of publisher Longaman Green and Co ,
Year of publication 1957.
300 ## - PHYSICAL DESCRIPTION
Number of Pages 563 ; .
942 ## - ADDED ENTRY ELEMENTS (KOHA)
Koha item type Books
Holdings
Withdrawn status Lost status Damaged status Home library Current library Date acquired Full call number Accession Number Koha item type
      KAUAET KAUAET 07/04/2012 612.8 3334 Books
free website counter